000 00451ntaaa2200169 4500
003 01
005 20251027201557.0
008 0714s1973 ag 01
040 _aAR-BaBN
_bspa
_cAR-BaBN
_eaacr
_dRIC
082 _a230.0000 H87
100 _aHughes, H. Maldwyn
_914426
245 _aChristian Foundations; an introduction to Christian doctrine.
250 _a1 ed. :
_bThe Epworth Press,
_c1948
300 _a269 p.
650 _aTeologĂ­a
942 _cBK
999 _c10385
_d10385